Manual de direito constitucional / (Record no. 605)

MARC details
000 -LÍDER
Campo Fixo de Controle 00652nam a2200229 a 4500
001 - NÚMERO DE CONTROLE
Campo de Controle 605
003 - IDENTIFICAÇÃO DO NÚMERO DE CONTROLE
Campo de Controle BR-CuiBMT
005 - DATA E HORA DA ÚLTIMA ATUALIZAÇÃO
Campo de Controle 20231110191813.0
008 - DADOS FIXOS
Dados Fixos 231110s2016 baba 000 0 por d
020 ## - INTERNATIONAL STANDARD BOOK NUMBER
Nº do ISBN 8544206670
040 ## - AGÊNCIA CATALOGADORA
Código da Agência Catalogadora BR-CuiBMT
Agência que transcreveu o registro BR-CuiBMT
080 ## - Nº DA CLASSIFICAÇÃO DECIMAL UNIVERSAL
Nº edição CDU 2007
Nº Class. CDU 342
Subd. Auxiliar Comum (094.4)
090 ## - NÚMERO DE CHAMADA
Nº classificação 342(094.4)
Cutter M421m
Ano/Edição 4. ed.
100 1# - ENTRADA PRINCIPAL -- AUTOR PESSOAL
Nome pessoal Masson, Nathalia
245 10 - TÍTULO PRINCIPAL
Título principal Manual de direito constitucional /
Indicação de responsabilidade Nathalia Masson
250 ## - EDIÇÃO
Edição 4. ed., rev., ampl. e atual.
260 ## - PUBLICAÇÃO, DISTRIBUIÇÃO, ETC.
Local de publicação Salvador :
Editora JusPodivm,
Data 2016.
300 ## - DESCRIÇÃO FÍSICA
N. páginas ou volumes 1383 p. :
Ilustrações il. ;
Dimensões 24 cm
504 ## - NOTA DE BIBLIOGRAFIA, ETC.
Nota de bibliografia Inclui bibliografia.
650 ## - ASSUNTO TÓPICO
Cabeçalho tópico ou nome geográfico Direito constitucional
Subdivisão de forma Manual
942 ## - ELEMENTOS DE ENTRADA ADICIONAIS (KOHA)
Fonte de classificação ou esquema de arquivamento Classificação Decimal Universal
Tipo de item do Koha Livros
Holdings
Estado: removido Estado: perdido Fonte de classificação ou esquema de arquivamento Estado: danificado Indisponível para empréstimo Localização permanente Localização atual Data de aquisição Total Checkouts Número de Chamada completo Código de barras Date last seen Número do exemplar Preço efetivo a partir de Tipo de item (Koha)
    Classificação Decimal Universal     Biblioteca da Escola Superior de Contas do TCE/MT Biblioteca da Escola Superior de Contas do TCE/MT 10/11/2023   342(094.4) BIBTCEMT23110424 10/11/2023 Ex. 1 10/11/2023 Livros

Powered by Koha